Landkreis Osterholz - Quiz - Statistiken

Allgemein
  • Dieses Quiz wurde 10 mal gespielt
  • Das Durchschnittsergebnis liegt bei 9 aus 12
Antwortstatistiken
Frage Antwort % Korrekt
Wie heißt die Kreisstadt des Landkreises? Osterholz-Scharmbeck
100%
Welcher große Fluss fließt durch den Landkreis? Hamme/Wümme
86%
Welche Gemeinde in Osterholz ist nach einer Blume benannt? Lilienthal
86%
Wo befindet sich das bekannte Künstlerdorf? Worpswede
86%
Welche Autobahn führt durch den Landkreis Osterholz? A27
71%
Welches ist die einzige Samtgemeinde des Landkreises? Hambergen
71%
Der Weltmarktführer FAUN produziert welche Fahrzeuge in Osterholz-Scharmbeck? Müllwagen
71%
Welcher ehemalige Thüringer Ministerpräsident kommt aus Osterholz-Scharmbeck? Bodo Ramelow
57%
Wie heißt die große Weserinsel des Landkreises? Harrier Sand
57%
Wo findet jedes Jahr das Hammefest in der ersten Septemberwoche statt? Ritterhude
57%
Welcher große Naturraum prägt den Landkreis besonders? Teufelsmoor
57%
Welche art von Schiffen sind im Umkreis Osterholz-Scharmbeck/Ritterhude bekannt? Torfkahn
57%
Keine übereinstimmenden Quizze gefunden
Verteilung der Resultate
Anzahl Personen mit jedem Resultat
Perzentil nach korrekt beantworteten Fragen
Ihre Resultats-Entwicklung
Sie haben dieses Quiz noch nicht gespielt